| 000 | 00397nam a2200133Ia 4500 | ||
|---|---|---|---|
| 008 | 220620s9999||||xx |||||||||||||| ||und|| | ||
| 022 | _a14363488 | ||
| 100 | _aFett, Theo | ||
| 245 | 0 | _aStress Intensity Factors - T-Stresses - Weight Functions. Supplement Volume | |
| 546 | _aEnglish[eng] | ||
| 650 | _aCracks||Fracture Mechanics | ||
| 856 | _uhttps://www.ksp.kit.edu/9783866444461 | ||
| 942 | _cEB | ||
| 999 |
_c22605 _d22605 |
||